| 000 | 00332nam a2200121Ia 4500 | ||
|---|---|---|---|
| 008 | 150202s9999 xx 000 0 und d | ||
| 050 |
_aFIC _bFIC |
||
| 100 | _aGoldman, William. | ||
| 245 |
_aMarathon man / _cWilliam Goldman. |
||
| 260 |
_aLondon : _bMacmillan London, _c1974. |
||
| 300 |
_a235 pages : _c18 cm. |
||
| 650 | _aFiction. | ||
| 999 |
_c282047 _d282047 |
||